000
00258nam a2200109Ia 4500
008
200302s9999 xx 000 0 und d
100
_a
Le Corbusier
245
_a
The City of Tomorrow
260
_b
The Architectural Press
260
_c
1987
300
_a
301 P.,
999
_c
5431
_d
5431